[Event "Berlin Lichtenberger Sommer 2nd"]
[Site "Berlin"]
[Date "2003.08.24"]
[Round "9.41"]
[White "Koenig, Frank"]
[Black "Kohl, Gudrun"]
[Result "1-0"]
[WhiteElo "1920"]
[BlackElo "1717"]
[PlyCount "69"]
[EventDate "2003.08.16"]
[EventType "swiss"]
[EventRounds "9"]
[EventCountry "GER"]
[SourceTitle "EXT 2022"]
[Source "ChessBase"]
[SourceDate "2021.10.06"]
[SourceVersion "1"]
[SourceVersionDate "2021.10.06"]
[SourceQuality "1"]

1. Nf3 d5 2. g3 Nf6 3. Bg2 e6 4. 0-0 Bd6 5. c4 c6 6. b3 Nbd7 7. d4 0-0 8. Bb2 Re8 9. Nc3 Qc7 10. Rc1 a6 11. Re1 Bb4 12. Nd2 Bxc3 13. Bxc3 Qb8 14. e4 dxe4 15. Nxe4 Nxe4 16. Bxe4 Nf6 17. Bg2 Bd7 18. d5 exd5 19. Bxf6 gxf6 20. cxd5 cxd5 21. Bxd5 Be6 22. Bg2 f5 23. Qd4 Ra7 24. Qb6 Re7 25. Rc5 Ra8 26. Rxf5 Qf8 27. Qc5 Rae8 28. Rfe5 Qh6 29. Be4 Qd2 30. Qc1 Qxc1 31. Rxc1 f6 32. Rxe6 Rxe6 33. Bd5 Kf8 34. Bxe6 Rxe6 35. Rc8+ 1-0

[Event "Berlin Lichtenberger Sommer 2nd"]
[Site "Berlin"]
[Date "2003.08.18"]
[Round "3.41"]
[White "Kohl, Gudrun"]
[Black "Mueller, Peter"]
[Result "0-1"]
[WhiteElo "1717"]
[BlackElo "1935"]
[PlyCount "66"]
[EventDate "2003.08.16"]
[EventType "swiss"]
[EventRounds "9"]
[EventCountry "GER"]
[SourceTitle "EXT 2022"]
[Source "ChessBase"]
[SourceDate "2021.10.06"]
[SourceVersion "1"]
[SourceVersionDate "2021.10.06"]
[SourceQuality "1"]

1. e4 e5 2. Nf3 Nc6 3. Bc4 Nf6 4. Nc3 Be7 5. 0-0 d6 6. h3 0-0 7. d3 Na5 8. Bb3 Nxb3 9. axb3 c6 10. Qe2 Qc7 11. Re1 h6 12. Be3 Bd7 13. Nd2 d5 14. exd5 cxd5 15. d4 e4 16. f3 Bc6 17. fxe4 dxe4 18. Bf2 Rfe8 19. Qc4 Qf4 20. Be3 Qg3 21. d5 Bd7 22. Ndxe4 Nxe4 23. Nxe4 Qg6 24. Kh1 Rac8 25. Qd3 Bf5 26. Bf2 Bb4 27. Nf6+ Qxf6 28. Rxe8+ Rxe8 29. Qb5 Qe7 30. Rxa7 Bd6 31. Rxb7 Qe1+ 32. Bg1 Bxh3 33. Qd3 Bc8 0-1

[Event "Berlin Lichtenberger Sommer 2nd"]
[Site "Berlin"]
[Date "2003.08.16"]
[Round "1.30"]
[White "Kohl, Gudrun"]
[Black "Zschaebitz, Klaus"]
[Result "0-1"]
[WhiteElo "1717"]
[BlackElo "2081"]
[PlyCount "88"]
[EventDate "2003.08.16"]
[EventType "swiss"]
[EventRounds "9"]
[EventCountry "GER"]
[SourceTitle "EXT 2022"]
[Source "ChessBase"]
[SourceDate "2021.10.06"]
[SourceVersion "1"]
[SourceVersionDate "2021.10.06"]
[SourceQuality "1"]

1. e4 e6 2. d4 d5 3. e5 c5 4. c3 Qb6 5. Nf3 Nc6 6. Be2 cxd4 7. cxd4 Nh6 8. Bd3 Bd7 9. Bc2 Nb4 10. Na3 Nxc2+ 11. Nxc2 Bb5 12. b3 Rc8 13. Bd2 Be7 14. Rc1 0-0 15. a4 Ba6 16. b4 Bc4 17. a5 Qd8 18. Na3 Bd3 19. Rxc8 Qxc8 20. Qb3 Be4 21. 0-0 Nf5 22. Rc1 Qd7 23. Nc2 Rc8 24. g4 Bxf3 25. gxf5 Be4 26. Ne3 Rxc1+ 27. Bxc1 exf5 28. Ng2 Qc6 29. Bd2 a6 30. f3 Bc2 31. Qc3 Qxc3 32. Bxc3 g6 33. Kf2 Kf8 34. Ke2 Ke8 35. f4 Kd7 36. Be1 Kc6 37. Ne3 Be4 38. Nd1 Bh1 39. Ke3 Kb5 40. Nc3+ Kc6 41. Nd1 Bg2 42. Kd3 Bf3 43. Nc3 Bxb4 44. Bd2 Bxa5 0-1

[Event "Berlin op 08"]
[Site "Berlin"]
[Date "2002.08.24"]
[Round "8"]
[White "Kohl, Gudrun"]
[Black "Rudolph, Stephanie"]
[Result "1-0"]
[WhiteElo "1738"]
[BlackElo "1405"]
[PlyCount "59"]
[EventDate "2002.08.17"]
[EventType "swiss"]
[EventRounds "9"]
[EventCountry "GER"]
[SourceTitle "EXT 2007"]
[Source "ChessBase"]
[SourceDate "2006.11.23"]
[SourceVersion "1"]
[SourceVersionDate "2006.11.23"]
[SourceQuality "1"]

1. e4 c6 2. d4 d5 3. e5 Bf5 4. Bd3 Bxd3 5. Qxd3 e6 6. Ne2 c5 7. c3 Nc6 8. 0-0 cxd4 9. cxd4 f6 10. f4 Nh6 11. Nd2 Be7 12. Ng3 0-0 13. Nf3 fxe5 14. fxe5 Nf5 15. Nxf5 Rxf5 16. a3 a6 17. Be3 Qd7 18. Rf2 b5 19. b4 Rc8 20. Raf1 a5 21. Qxb5 Rb8 22. Qe2 axb4 23. axb4 Rxb4 24. g4 Rf8 25. Bg5 Nxd4 26. Nxd4 h6 27. Bxe7 Rxf2 28. Qxf2 Qxe7 29. h3 Qa7 30. Qf8+ 1-0

[Event "Berlin op 08"]
[Site "Berlin"]
[Date "2002.08.23"]
[Round "7"]
[White "Berger, Gerd Helmar"]
[Black "Kohl, Gudrun"]
[Result "1-0"]
[WhiteElo "1936"]
[BlackElo "1738"]
[PlyCount "75"]
[EventDate "2002.08.17"]
[EventType "swiss"]
[EventRounds "9"]
[EventCountry "GER"]
[SourceTitle "EXT 2007"]
[Source "ChessBase"]
[SourceDate "2006.11.23"]
[SourceVersion "1"]
[SourceVersionDate "2006.11.23"]
[SourceQuality "1"]

1. g3 e5 2. c4 Nc6 3. Bg2 Bc5 4. Nc3 Nge7 5. e3 d6 6. a3 a5 7. Nge2 0-0 8. 0-0 Ng6 9. b3 Nce7 10. Bb2 c6 11. d4 Bb6 12. Qd2 f6 13. Rad1 Qc7 14. Na4 Bg4 15. h3 Bxe2 16. Qxe2 exd4 17. exd4 Rad8 18. h4 Rfe8 19. c5 dxc5 20. dxc5 Ba7 21. Rxd8 Qxd8 22. Rd1 Qc8 23. h5 Nd5 24. Qc4 Nge7 25. h6 Qe6 26. hxg7 Kxg7 27. Qh4 Ng6 28. Qh5 Qf7 29. Bxd5 cxd5 30. Qxd5 Qe7 31. Qd7 Kf7 32. Rd6 Ne5 33. Bxe5 fxe5 34. Qf5+ Kg8 35. Rd7 Rf8 36. Rxe7 Rxf5 37. Rxb7 Rf7 38. Rb5 1-0